[Event "Ahuntsic"]
[Site "Montreal CAN"]
[Date "2012.04.15"]
[Round "4"]
[White "Roussel-Roozmon, Thomas"]
[Black "Sambuev, Bator"]
[Result "1/2-1/2"]
[WhiteElo "2083"]
[BlackElo "2514"]
[PlyCount "120"]
[GameId "2160767909509635"]
[EventDate "2012.04.15"]
[EventType "swiss (rapid)"]
[EventRounds "5"]
[EventCountry "CAN"]
[SourceTitle "EXT 2022"]
[Source "ChessBase"]
[SourceDate "2021.10.06"]
[SourceVersion "1"]
[SourceVersionDate "2021.10.06"]
[SourceQuality "1"]

1. d4 Nf6 2. c4 g6 3. Nc3 Bg7 4. e4 O-O 5. Be3 d6 6. f3 c5 7. Nge2 Nc6 8. d5 Ne5 9. Ng3 h5 10. Be2 h4 11. Nf1 e6 12. Bg5 h3 13. g3 Qb6 14. Qb3 exd5 15. Qxb6 axb6 16. cxd5 Bd7 17. Ne3 b5 18. Bxf6 Bxf6 19. f4 Nc4 20. Bxc4 bxc4 21. Nxc4 Ra6 22. e5 dxe5 23. Nxe5 Re8 24. O-O-O Bxe5 25. fxe5 Rxe5 26. Rhe1 Rxe1 27. Rxe1 Kf8 28. Ne4 Rxa2 29. Nxc5 Bf5 30. Nxb7 Ra7 31. Nc5 Ra5 32. b4 Ra1+ 33. Kd2 Ra2+ 34. Kc3 Rc2+ 35. Kd4 Rxh2 36. Ke5 Rd2 37. Nb3 Rd3 38. Nc5 Rxg3 39. d6 h2 40. d7 Bxd7 41. Nxd7+ Kg7 42. Rh1 Rb3 43. Rxh2 Rxb4 44. Nf6 Rb5+ 45. Nd5 Rb1 46. Re2 Rf1 47. Ke4 g5 48. Ke3 Kg6 49. Rf2 Re1+ 50. Kf3 Ra1 51. Kg3 Ra7 52. Rf6+ Kg7 53. Rf5 Kg6 54. Rf6+ Kh5 55. Ne3 Ra3 56. Kf3 g4+ 57. Kf4 Ra4+ 58. Kg3 Ra3 59. Kf4 Ra4+ 60. Kg3 Ra3 1/2-1/2

[Event "Ahuntsic"]
[Site "Montreal CAN"]
[Date "2012.04.15"]
[Round "5"]
[White "Gulko, Andrei"]
[Black "Bolduc, Steve"]
[Result "0-1"]
[WhiteElo "2020"]
[BlackElo "2047"]
[PlyCount "72"]
[GameId "2160767909509636"]
[EventDate "2012.04.15"]
[EventType "swiss (rapid)"]
[EventRounds "5"]
[EventCountry "CAN"]
[SourceTitle "EXT 2022"]
[Source "ChessBase"]
[SourceDate "2021.10.06"]
[SourceVersion "1"]
[SourceVersionDate "2021.10.06"]
[SourceQuality "1"]

1. d4 e6 2. Nf3 b6 3. e4 d5 4. Bd3 Nf6 5. Nbd2 Be7 6. c3 O-O 7. O-O Ba6 8. Bxa6 Nxa6 9. Qe2 Nb8 10. Ne5 c5 11. dxc5 Bxc5 12. exd5 Qxd5 13. Nb3 Be7 14. Rd1 Qb7 15. Bg5 h6 16. Bh4 Re8 17. Rd2 Nd5 18. Bxe7 Qxe7 19. Rad1 f6 20. Ng4 h5 21. Ne3 Nc6 22. Nxd5 exd5 23. Qxe7 Nxe7 24. Kf1 Rac8 25. Nd4 a6 26. Nc2 Rc5 27. Nb4 Ra5 28. a3 Rd8 29. c4 Kf7 30. Re1 Rc5 31. Rde2 Rd7 32. cxd5 Nxd5 33. Nxa6 Ra5 34. Nb4 Nxb4 35. axb4 Ra4 36. Re4 Ra2 0-1

[Event "Ahuntsic"]
[Site "Montreal CAN"]
[Date "2012.04.15"]
[Round "5"]
[White "Kovalyov, Anton"]
[Black "Roussel-Roozmon, Thomas"]
[Result "1/2-1/2"]
[WhiteElo "2142"]
[BlackElo "2083"]
[PlyCount "61"]
[GameId "2160767909509637"]
[EventDate "2012.04.15"]
[EventType "swiss (rapid)"]
[EventRounds "5"]
[EventCountry "CAN"]
[SourceTitle "EXT 2022"]
[Source "ChessBase"]
[SourceDate "2021.10.06"]
[SourceVersion "1"]
[SourceVersionDate "2021.10.06"]
[SourceQuality "1"]

1. c4 b6 2. Nc3 Bb7 3. e4 e5 4. Nf3 Nc6 5. Be2 Bc5 6. O-O d6 7. d3 Nge7 8. a3 a5 9. Rb1 O-O 10. Nd5 Nd4 11. b4 axb4 12. axb4 Nxf3+ 13. Bxf3 Bd4 14. Bg5 f6 15. Be3 Bxe3 16. fxe3 Nxd5 17. cxd5 f5 18. exf5 Rxf5 19. e4 Rf7 20. Bg4 Rxf1+ 21. Qxf1 Bc8 22. Bxc8 Qxc8 23. Ra1 b5 24. Rxa8 Qxa8 25. Qf5 Qa1+ 26. Kf2 Qd4+ 27. Ke2 Qxb4 28. Qc8+ Kf7 29. Qd7+ Kf8 30. Qd8+ Kf7 31. Qd7+ 1/2-1/2

[Event "Ahuntsic"]
[Site "Montreal CAN"]
[Date "2012.04.15"]
[Round "5"]
[White "Masse, Hugues"]
[Black "Hebert, Jean"]
[Result "0-1"]
[WhiteElo "1928"]
[BlackElo "2388"]
[PlyCount "140"]
[GameId "2160767909509638"]
[EventDate "2012.04.15"]
[EventType "swiss (rapid)"]
[EventRounds "5"]
[EventCountry "CAN"]
[SourceTitle "EXT 2022"]
[Source "ChessBase"]
[SourceDate "2021.10.06"]
[SourceVersion "1"]
[SourceVersionDate "2021.10.06"]
[SourceQuality "1"]

1. d4 Nf6 2. c4 e6 3. Nc3 Bb4 4. e3 c5 5. Nge2 cxd4 6. exd4 O-O 7. a3 Be7 8. Nf4 d5 9. cxd5 exd5 10. Be2 Nc6 11. O-O Be6 12. Be3 Rc8 13. Bf3 Na5 14. Qd3 Nc4 15. Rab1 Qd7 16. Nxe6 fxe6 17. Bg5 h6 18. Bh4 Kh8 19. Bg3 Bd6 20. Rfe1 Bxg3 21. hxg3 Rc6 22. a4 Rfc8 23. Nb5 b6 24. b3 Na5 25. Re2 a6 26. Na3 Qd6 27. b4 Nc4 28. Nxc4 Rxc4 29. Qd2 b5 30. axb5 axb5 31. Qe3 R8c6 32. Qd2 Ra6 33. Kh2 Qb6 34. Rd1 Ra4 35. Qe3 Raxb4 36. Qxe6 Qxe6 37. Rxe6 Rxd4 38. Ra1 Ra4 39. Rxa4 bxa4 40. Ra6 Ng4+ 41. Bxg4 Rxg4 42. Ra5 Rd4 43. Kg1 Kg8 44. Ra7 Kh7 45. Ra6 Rd1+ 46. Kh2 Rd2 47. Kg1 Ra2 48. Rd6 a3 49. Rxd5 Rb2 50. Ra5 a2 51. Kh2 Rxf2 52. Ra6 Rb2 53. g4 Kg8 54. Ra7 Kf8 55. Kg3 Ke8 56. Kf3 Kd8 57. g3 Kc8 58. g5 Kb8 59. Ra3 Kc7 60. Kg4 Kb6 61. gxh6 gxh6 62. Kh5 Rb5+ 63. Kxh6 Ra5 64. Rxa2 Rxa2 65. g4 Kc7 66. g5 Kd7 67. g6 Ke7 68. Kh7 Rh2+ 69. Kg8 Rg2 70. g7 Kf6 0-1

[Event "Ahuntsic"]
[Site "Montreal CAN"]
[Date "2012.04.15"]
[Round "5"]
[White "Sambuev, Bator"]
[Black "Caceres Cortes, Julio"]
[Result "0-1"]
[WhiteElo "2514"]
[BlackElo "1953"]
[PlyCount "66"]
[GameId "2160767909509639"]
[EventDate "2012.04.15"]
[EventType "swiss (rapid)"]
[EventRounds "5"]
[EventCountry "CAN"]
[SourceTitle "hb 2012"]

1. e4 e5 2. f4 exf4 3. Nf3 Be7 4. Bc4 Bh4+ 5. g3 fxg3 6. O-O gxh2+ 7. Kh1 d5 8. Bxd5 Nf6 9. Nc3 O-O 10. d3 Nxd5 11. Nxd5 Bg4 12. Bf4 Nc6 13. Qd2 Bxf3+ 14. Rxf3 Nd4 15. Rh3 c6 16. Ne3 f5 17. Be5 f4 18. Qxh2 Bg3 19. Rxh7 Bxh2 20. Rxg7+ Kh8 21. Ng4 Nf3 22. Bc3 Nd4 23. Rg6 Rf7 24. Nxh2 Rh7 25. Rag1 c5 26. R1g5 b6 27. Kg2 f3+ 28. Nxf3 Qd7 29. Rg3 Rd8 30. Ne5 Qa4 31. Rf6 Qxa2 32. Nf7+ Rxf7 33. Rxf7 Qxf7 0-1

[Event "Alberta op"]
[Site "Calgary CAN"]
[Date "2012.10.06"]
[Round "1"]
[White "Abdelrhman, Hamid"]
[Black "Lee, Nicholas"]
[Result "1-0"]
[WhiteElo "2188"]
[BlackElo "1750"]
[PlyCount "61"]
[GameId "2160767909411873"]
[EventDate "2012.10.06"]
[EventType "swiss"]
[EventRounds "5"]
[EventCountry "CAN"]
[SourceTitle "EXT 2022"]
[Source "ChessBase"]
[SourceDate "2021.10.06"]
[SourceVersion "1"]
[SourceVersionDate "2021.10.06"]
[SourceQuality "1"]

1. d4 Nf6 2. c4 g6 3. Nc3 d5 4. Nf3 Bg7 5. cxd5 Nxd5 6. e4 Nxc3 7. bxc3 c5 8. Bc4 Bg4 9. Bxf7+ Kf8 10. Bd5 Nc6 11. h3 cxd4 12. hxg4 dxc3 13. Ng5 Nd4 14. Rxh7 Rxh7 15. Nxh7+ Ke8 16. Ng5 e6 17. Bb3 Qa5 18. Bc2 Rd8 19. Be3 Nxc2+ 20. Qxc2 Bf6 21. e5 Qxe5 22. Qxg6+ Kd7 23. Rd1+ Kc8 24. Rxd8+ Bxd8 25. Qxe6+ Qxe6 26. Nxe6 Be7 27. g5 Kd7 28. Nc5+ Kc6 29. g6 Bf6 30. Nb3 b6 31. Bd4 1-0

[Event "Alberta op"]
[Site "Calgary CAN"]
[Date "2012.10.06"]
[Round "1"]
[White "Beaudin, Jesse"]
[Black "Malinowski, Julian"]
[Result "1-0"]
[WhiteElo "1963"]
[BlackElo "1386"]
[PlyCount "88"]
[GameId "2160767909411874"]
[EventDate "2012.10.06"]
[EventType "swiss"]
[EventRounds "5"]
[EventCountry "CAN"]
[SourceTitle "EXT 2022"]
[Source "ChessBase"]
[SourceDate "2021.10.06"]
[SourceVersion "1"]
[SourceVersionDate "2021.10.06"]
[SourceQuality "1"]

1. e4 c6 2. d4 d5 3. e5 e6 4. Bd3 g6 5. f4 f5 6. Nf3 Ne7 7. h4 h6 8. Nbd2 Na6 9. c3 Bd7 10. b4 b6 11. Bxa6 b5 12. a4 Qb6 13. axb5 cxb5 14. Qe2 Bg7 15. Nb3 Bc6 16. Nc5 Kf7 17. Be3 Rag8 18. Ra5 g5 19. hxg5 hxg5 20. Nxg5+ Kg6 21. Rxh8 Rxh8 22. Nh3 Kf7 23. Bxb5 Bxb5 24. Qxb5 Qc7 25. Qd7 Qxd7 26. Nxd7 Rh4 27. Rxa7 Kg6 28. Nc5 Nc6 29. Rc7 Nb8 30. b5 Bf8 31. Rb7 Bxc5 32. dxc5 Rh8 33. Ng5 Rh1+ 34. Kf2 Rh8 35. Nxe6 Kh5 36. c6 Nxc6 37. bxc6 Rc8 38. c7 d4 39. cxd4 Kg4 40. Rb8 Rh8 41. Nf8 Kh4 42. c8=Q Kg4 43. Qe6 Rh6 44. Qg8+ Kh5 1-0

[Event "Alberta op"]
[Site "Calgary CAN"]
[Date "2012.10.06"]
[Round "1"]
[White "Hansen, Eric"]
[Black "Harris, Adam"]
[Result "1-0"]
[WhiteElo "2579"]
[BlackElo "1805"]
[PlyCount "63"]
[GameId "2160767909411875"]
[EventDate "2012.10.06"]
[EventType "swiss"]
[EventRounds "5"]
[EventCountry "CAN"]
[SourceTitle "EXT 2022"]
[Source "ChessBase"]
[SourceDate "2021.10.06"]
[SourceVersion "1"]
[SourceVersionDate "2021.10.06"]
[SourceQuality "1"]

1. Nf3 Nf6 2. c4 c6 3. Nc3 d5 4. e3 Bg4 5. cxd5 Nxd5 6. d4 e6 7. Be2 Bd6 8. e4 Nxc3 9. bxc3 Qa5 10. Qb3 O-O 11. h3 Bh5 12. O-O Qb6 13. Be3 Nd7 14. g4 Bg6 15. Nd2 e5 16. dxe5 Qxb3 17. axb3 Bxe5 18. f4 Bxc3 19. Rad1 f6 20. Nb1 Bb4 21. Rxd7 Bxe4 22. Rxb7 Rab8 23. Bc4+ Kh8 24. Rxb8 Rxb8 25. Nd2 Bd5 26. Bxd5 cxd5 27. Nf3 Re8 28. Bxa7 Re4 29. Rd1 Rxf4 30. Rxd5 h6 31. Kf2 Ba3 32. Rd4 1-0

[Event "Alberta op"]
[Site "Calgary CAN"]
[Date "2012.10.06"]
[Round "1"]
[White "Karmali, Hafiz"]
[Black "Bulga, Tamir"]
[Result "1-0"]
[WhiteElo "1905"]
[BlackElo "1294"]
[PlyCount "27"]
[GameId "2160767909411876"]
[EventDate "2012.10.06"]
[EventType "swiss"]
[EventRounds "5"]
[EventCountry "CAN"]
[SourceTitle "EXT 2022"]
[Source "ChessBase"]
[SourceDate "2021.10.06"]
[SourceVersion "1"]
[SourceVersionDate "2021.10.06"]
[SourceQuality "1"]

1. d4 d5 2. e3 Nc6 3. c3 Bf5 4. f4 Nf6 5. Nf3 e6 6. Bb5 a6 7. Bxc6+ bxc6 8. Ne5 c5 9. Qa4+ Nd7 10. dxc5 Bxc5 11. Qc6 Bb6 12. Nxd7 Qxd7 13. Qxa8+ Qd8 14. Qxd8+ 1-0

[Event "Alberta op"]
[Site "Calgary CAN"]
[Date "2012.10.06"]
[Round "1"]
[White "Kazmaier, Daniel"]
[Black "Milne, Arthur"]
[Result "1-0"]
[WhiteElo "2299"]
[BlackElo "1775"]
[PlyCount "47"]
[GameId "2160767909411877"]
[EventDate "2012.10.06"]
[EventType "swiss"]
[EventRounds "5"]
[EventCountry "CAN"]
[SourceTitle "EXT 2022"]
[Source "ChessBase"]
[SourceDate "2021.10.06"]
[SourceVersion "1"]
[SourceVersionDate "2021.10.06"]
[SourceQuality "1"]

1. Nf3 d6 2. d4 Bg4 3. e4 Nf6 4. Nc3 e6 5. Be2 Be7 6. O-O O-O 7. Be3 d5 8. h3 Bh5 9. exd5 exd5 10. g4 Bg6 11. Ne5 c6 12. f4 Be4 13. g5 Nfd7 14. Nxe4 Nxe5 15. dxe5 dxe4 16. Qe1 Qd7 17. Bg4 Qc7 18. Rd1 Rd8 19. Rxd8+ Qxd8 20. Qc3 Qd5 21. Rd1 Qb5 22. a4 Qxa4 23. Bc5 Bxc5+ 24. Qxc5 1-0

[Event "Alberta op"]
[Site "Calgary CAN"]
[Date "2012.10.06"]
[Round "1"]
[White "Kostadinov, George"]
[Black "Viminitz, Paul"]
[Result "1-0"]
[WhiteElo "2121"]
[BlackElo "1533"]
[PlyCount "55"]
[GameId "2160767909411878"]
[EventDate "2012.10.06"]
[EventType "swiss"]
[EventRounds "5"]
[EventCountry "CAN"]
[SourceTitle "EXT 2022"]
[Source "ChessBase"]
[SourceDate "2021.10.06"]
[SourceVersion "1"]
[SourceVersionDate "2021.10.06"]
[SourceQuality "1"]

1. d4 Nf6 2. c4 g6 3. Nc3 Bg7 4. e4 d6 5. f3 O-O 6. Bd3 Nc6 7. Nge2 b6 8. Be3 Bb7 9. g4 Nb4 10. Bb1 c5 11. a3 Nc6 12. Ba2 cxd4 13. Nxd4 Nd7 14. Rc1 Nxd4 15. Bxd4 Bxd4 16. Qxd4 Ne5 17. O-O Rc8 18. b4 Nc6 19. Qd2 Qd7 20. Nd5 Ne5 21. h3 Bxd5 22. exd5 f5 23. f4 Nf7 24. g5 Rfe8 25. Rfe1 Nd8 26. h4 Rc7 27. Re3 Nb7 28. h5 1-0

[Event "Alberta op"]
[Site "Calgary CAN"]
[Date "2012.10.06"]
[Round "1"]
[White "McKay, Tom"]
[Black "Ebrahim Shirazi, Behrooz"]
[Result "1-0"]
[WhiteElo "1505"]
[BlackElo "2051"]
[PlyCount "45"]
[GameId "2160767909411879"]
[EventDate "2012.10.06"]
[EventType "swiss"]
[EventRounds "5"]
[EventCountry "CAN"]
[SourceTitle "EXT 2022"]
[Source "ChessBase"]
[SourceDate "2021.10.06"]
[SourceVersion "1"]
[SourceVersionDate "2021.10.06"]
[SourceQuality "1"]

1. e4 e6 2. d4 d5 3. Nd2 Nf6 4. e5 Nfd7 5. Ngf3 c5 6. c3 Nc6 7. Nb3 c4 8. Nbd2 Rb8 9. a4 Qa5 10. b4 Qc7 11. Be2 Be7 12. O-O O-O 13. Qc2 f6 14. exf6 Bxf6 15. Ba3 b5 16. axb5 Rxb5 17. Qa4 a6 18. Rfe1 Nb6 19. Qc2 g6 20. Bc1 Bg7 21. Qb1 e5 22. Ba3 exd4 23. cxd4 1-0

[Event "Alberta op"]
[Site "Calgary CAN"]
[Date "2012.10.06"]
[Round "1"]
[White "Neven, Knut"]
[Black "Dunn, Garth"]
[Result "1-0"]
[WhiteElo "2250"]
[BlackElo "1706"]
[PlyCount "65"]
[GameId "2160767909411880"]
[EventDate "2012.10.06"]
[EventType "swiss"]
[EventRounds "5"]
[EventCountry "CAN"]
[SourceTitle "EXT 2022"]
[Source "ChessBase"]
[SourceDate "2021.10.06"]
[SourceVersion "1"]
[SourceVersionDate "2021.10.06"]
[SourceQuality "1"]

1. e4 c5 2. Nf3 d6 3. c3 g6 4. d4 cxd4 5. cxd4 Bg7 6. Nc3 a6 7. Bc4 Nc6 8. Be3 e6 9. O-O Nge7 10. Qd2 O-O 11. Rac1 Re8 12. Rfd1 d5 13. Be2 f5 14. e5 b5 15. h4 h5 16. Ng5 f4 17. Bxf4 Nf5 18. Nf3 Nxh4 19. Nxh4 Qxh4 20. Bg5 Qxd4 21. Qxd4 Nxd4 22. Rxd4 Bxe5 23. Rdd1 Bd7 24. f4 Bg7 25. Bf3 Ra7 26. b3 Rf8 27. Ne2 Rf5 28. Nd4 Bxd4+ 29. Rxd4 e5 30. Rxd5 exf4 31. Rxf5 Bxf5 32. Bxf4 h4 33. a3 1-0

[Event "Alberta op"]
[Site "Calgary CAN"]
[Date "2012.10.06"]
[Round "1"]
[White "Newton, Geoff"]
[Black "Jackiw, Mark"]
[Result "1-0"]
[WhiteElo "2050"]
[BlackElo "1498"]
[PlyCount "51"]
[GameId "2160767909411881"]
[EventDate "2012.10.06"]
[EventType "swiss"]
[EventRounds "5"]
[EventCountry "CAN"]
[SourceTitle "EXT 2022"]
[Source "ChessBase"]
[SourceDate "2021.10.06"]
[SourceVersion "1"]
[SourceVersionDate "2021.10.06"]
[SourceQuality "1"]

1. d4 e5 2. d5 f5 3. c4 Bc5 4. Nf3 d6 5. Nc3 Nf6 6. e3 e4 7. Nd4 O-O 8. Be2 Bxd4 9. exd4 Bd7 10. Qb3 b6 11. c5 bxc5 12. dxc5 Be8 13. c6 Bf7 14. Qb7 Nxd5 15. Qxa8 Nb4 16. O-O N8xc6 17. Qxd8 Rxd8 18. Bg5 Re8 19. Bb5 a6 20. Ba4 Bc4 21. Rfd1 Bb5 22. Nxb5 axb5 23. Bxb5 Re5 24. Bxc6 Nxc6 25. Rac1 Nb4 26. Rxc7 1-0

[Event "Alberta op"]
[Site "Calgary CAN"]
[Date "2012.10.06"]
[Round "1"]
[White "Palardy, Patrick"]
[Black "Nguyen, Kim"]
[Result "0-1"]
[WhiteElo "1699"]
[BlackElo "2228"]
[PlyCount "56"]
[GameId "2160767909411882"]
[EventDate "2012.10.06"]
[EventType "swiss"]
[EventRounds "5"]
[EventCountry "CAN"]
[SourceTitle "EXT 2022"]
[Source "ChessBase"]
[SourceDate "2021.10.06"]
[SourceVersion "1"]
[SourceVersionDate "2021.10.06"]
[SourceQuality "1"]

1. e4 c5 2. Nf3 d6 3. d4 cxd4 4. Nxd4 Nf6 5. Nc3 a6 6. f3 Qb6 7. Bc4 Nc6 8. Nb3 e6 9. Bf4 Ne5 10. Qe2 Be7 11. Bxe5 dxe5 12. O-O-O Bd7 13. g4 Qc7 14. g5 Nh5 15. h4 Ng3 16. Qd3 Nxh1 17. Rxh1 b5 18. Nxb5 axb5 19. Bxb5 Bxb5 20. Qxb5+ Kf8 21. Rd1 Rd8 22. Rxd8+ Bxd8 23. a4 h6 24. g6 Bxh4 25. Nc5 Ke7 26. b4 Bg5+ 27. Kb2 Rb8 28. Qc4 Be3 0-1

[Event "Alberta op"]
[Site "Calgary CAN"]
[Date "2012.10.06"]
[Round "1"]
[White "Taranik, Alexey"]
[Black "Yearwood, Roy"]
[Result "0-1"]
[WhiteElo "1591"]
[BlackElo "2129"]
[PlyCount "61"]
[GameId "2160767909411883"]
[EventDate "2012.10.06"]
[EventType "swiss"]
[EventRounds "5"]
[EventCountry "CAN"]
[SourceTitle "EXT 2022"]
[Source "ChessBase"]
[SourceDate "2021.10.06"]
[SourceVersion "1"]
[SourceVersionDate "2021.10.06"]
[SourceQuality "1"]

1. e4 e6 2. Qe2 c5 3. d3 Nc6 4. c3 g6 5. g3 Bg7 6. Bg2 Nge7 7. Be3 d6 8. Nd2 b6 9. f4 Ba6 10. Bf2 O-O 11. Ngf3 d5 12. e5 d4 13. c4 b5 14. b3 bxc4 15. bxc4 Rb8 16. Nb3 Rb4 17. O-O Qb6 18. Nfd2 g5 19. Ne4 gxf4 20. gxf4 Nf5 21. Nexc5 Bc8 22. Be1 a5 23. Bxb4 Nxb4 24. Be4 Ne3 25. Qh5 f5 26. Kf2 a4 27. Rg1 axb3 28. Rxg7+ Kxg7 29. Qg5+ Kh8 30. Nxb3 Ng4+ 31. Kf3 0-1

[Event "Alberta op"]
[Site "Calgary CAN"]
[Date "2012.10.06"]
[Round "1"]
[White "Wood, Deweese"]
[Black "Gold, Itohan"]
[Result "0-1"]
[WhiteElo "1080"]
[BlackElo "2086"]
[PlyCount "46"]
[GameId "2160767909411884"]
[EventDate "2012.10.06"]
[EventType "swiss"]
[EventRounds "5"]
[EventCountry "CAN"]
[SourceTitle "EXT 2022"]
[Source "ChessBase"]
[SourceDate "2021.10.06"]
[SourceVersion "1"]
[SourceVersionDate "2021.10.06"]
[SourceQuality "1"]

1. c3 e5 2. b3 d5 3. Nf3 e4 4. Nd4 c5 5. Nc2 Nf6 6. Ne3 d4 7. Nc4 b5 8. Nb2 Bb7 9. d3 a6 10. Bd2 Nc6 11. c4 b4 12. Bg5 Ne5 13. Nd2 exd3 14. Nxd3 Nxd3+ 15. exd3 Be7 16. Bxf6 Bxf6 17. Qe2+ Be7 18. Ne4 O-O 19. g3 f5 20. Nd2 Bxh1 21. O-O-O Bg5 22. h4 Bh6 23. Bh3 Bc6 0-1

[Event "Alberta op"]
[Site "Calgary CAN"]
[Date "2012.10.06"]
[Round "1.16"]
[White "McKim, Chris"]
[Black "Kalaydina, Regina Veronicka"]
[Result "1-0"]
[WhiteElo "1488"]
[BlackElo "1993"]
[PlyCount "133"]
[GameId "2160767909411885"]
[EventDate "2012.10.06"]
[EventType "swiss"]
[EventRounds "5"]
[EventCountry "CAN"]
[SourceTitle "EXT 2022"]
[Source "ChessBase"]
[SourceDate "2021.10.06"]
[SourceVersion "1"]
[SourceVersionDate "2021.10.06"]
[SourceQuality "1"]

1. b4 d5 2. Bb2 Nf6 3. e3 Bg4 4. Be2 Bxe2 5. Nxe2 e6 6. a3 Bd6 7. Ng3 Nbd7 8. d3 O-O 9. Nd2 c5 10. Nf3 cxb4 11. axb4 Bxb4+ 12. c3 Bd6 13. O-O Ne5 14. c4 Nxf3+ 15. Qxf3 Be7 16. Rfc1 dxc4 17. dxc4 Qb6 18. Bd4 Qc6 19. Qxc6 bxc6 20. Rxa7 Rxa7 21. Bxa7 Ra8 22. Bd4 h6 23. Bxf6 Bxf6 24. Kf1 Be5 25. Ne4 Ra4 26. g3 Kf8 27. Nc5 Ra1 28. Rxa1 Bxa1 29. Ke2 Ke7 30. Kd3 Bb2 31. Kc2 Ba3 32. Nd3 Bd6 33. Kb3 Bc7 34. Kb4 Kd6 35. e4 f6 36. f4 Kd7 37. Kc5 Bd6+ 38. Kb6 Bc7+ 39. Kb7 Bd6 40. c5 Be7 41. f5 exf5 42. exf5 Bd8 43. g4 Bc7 44. h3 Be5 45. Nb4 Bd4 46. Kb6 Bg1 47. Nxc6 Ke8 48. Nb4 Kf7 49. Kc6 g6 50. Kd5 h5 51. c6 Bh2 52. Na6 hxg4 53. hxg4 gxf5 54. gxf5 Ke7 55. Nc5 Bg3 56. Ne6 Bf2 57. Nf4 Bg3 58. Ng6+ Kf7 59. Kc5 Bc7 60. Kb5 Ke8 61. Ka6 Kd8 62. Kb7 Bg3 63. Nf8 Ke7 64. Ne6 Kf7 65. c7 Bxc7 66. Kxc7 Ke7 67. Kc6 1-0

[Event "Alberta op"]
[Site "Calgary CAN"]
[Date "2012.10.06"]
[Round "2"]
[White "Nguyen, Kim"]
[Black "Shi, Diwen"]
[Result "1-0"]
[WhiteElo "2228"]
[BlackElo "1844"]
[PlyCount "71"]
[GameId "2160767909411886"]
[EventDate "2012.10.06"]
[EventType "swiss"]
[EventRounds "5"]
[EventCountry "CAN"]
[SourceTitle "EXT 2022"]
[Source "ChessBase"]
[SourceDate "2021.10.06"]
[SourceVersion "1"]
[SourceVersionDate "2021.10.06"]
[SourceQuality "1"]

1. e4 c5 2. Nf3 d6 3. d4 cxd4 4. Nxd4 Nf6 5. Nc3 g6 6. Be3 Bg7 7. Be2 Nc6 8. O-O O-O 9. Nb3 Be6 10. f4 Rc8 11. Kh1 a6 12. Bf3 Nd7 13. Rf2 Nb6 14. Qe1 Nc4 15. Bc1 b5 16. Rb1 Nb6 17. Nd5 Bxd5 18. exd5 Nd4 19. Nxd4 Bxd4 20. Re2 Re8 21. c3 Bg7 22. Be3 Nd7 23. Bf2 Nc5 24. Qd2 Qd7 25. Rd1 Red8 26. h3 e6 27. dxe6 Nxe6 28. Bg4 f5 29. Bf3 Kh8 30. g3 Nc7 31. Kg2 Qf7 32. Bd5 Nxd5 33. Qxd5 Qc7 34. Rde1 Bf6 35. Re6 Qg7 36. Rxf6 1-0

[Event "Alberta op"]
[Site "Calgary CAN"]
[Date "2012.10.06"]
[Round "2"]
[White "Schibler, Jordan"]
[Black "Kostadinov, George"]
[Result "0-1"]
[WhiteElo "1844"]
[BlackElo "2121"]
[PlyCount "48"]
[GameId "2160767909411887"]
[EventDate "2012.10.06"]
[EventType "swiss"]
[EventRounds "5"]
[EventCountry "CAN"]
[SourceTitle "EXT 2022"]
[Source "ChessBase"]
[SourceDate "2021.10.06"]
[SourceVersion "1"]
[SourceVersionDate "2021.10.06"]
[SourceQuality "1"]

1. d4 c5 2. d5 f5 3. c4 Nf6 4. Nc3 g6 5. Qc2 Bg7 6. Nf3 Na6 7. Bd2 d6 8. e3 O-O 9. Be2 Bd7 10. a3 Rb8 11. O-O Nc7 12. Rab1 a6 13. b4 cxb4 14. Rxb4 b5 15. Nd4 Rc8 16. Qa2 Kh8 17. cxb5 axb5 18. Ndxb5 Nxb5 19. Bxb5 Rc5 20. Bxd7 Nxd7 21. Rc4 Qc8 22. Rxc5 Qxc5 23. Ne2 Ra8 24. Rc1 Kg8 0-1

[Event "Alberta op"]
[Site "Calgary CAN"]
[Date "2012.10.06"]
[Round "2"]
[White "Toth, Brian"]
[Black "Abdelrhman, Hamid"]
[Result "0-1"]
[WhiteElo "1857"]
[BlackElo "2188"]
[PlyCount "36"]
[GameId "2160767909411888"]
[EventDate "2012.10.06"]
[EventType "swiss"]
[EventRounds "5"]
[EventCountry "CAN"]
[SourceTitle "EXT 2022"]
[Source "ChessBase"]
[SourceDate "2021.10.06"]
[SourceVersion "1"]
[SourceVersionDate "2021.10.06"]
[SourceQuality "1"]

1. c4 Nf6 2. g3 e5 3. Bg2 Bc5 4. Nc3 O-O 5. e3 Nc6 6. Nge2 d6 7. O-O Bf5 8. d4 exd4 9. exd4 Bb6 10. h3 Qd7 11. Kh2 d5 12. cxd5 Nb4 13. Bg5 Nfxd5 14. a3 Nxc3 15. Nxc3 Nc6 16. Qa4 Rfe8 17. Rfe1 h6 18. Be3 Be4 0-1

[Event "Alberta op"]
[Site "Calgary CAN"]
[Date "2012.10.06"]
[Round "2.1"]
[White "Beaudin, Jesse"]
[Black "Hansen, Eric"]
[Result "0-1"]
[WhiteElo "1963"]
[BlackElo "2579"]
[PlyCount "76"]
[GameId "2160767909411889"]
[EventDate "2012.10.06"]
[EventType "swiss"]
[EventRounds "5"]
[EventCountry "CAN"]
[SourceTitle "EXT 2022"]
[Source "ChessBase"]
[SourceDate "2021.10.06"]
[SourceVersion "1"]
[SourceVersionDate "2021.10.06"]
[SourceQuality "1"]

1. e4 c5 2. Nf3 e6 3. d4 cxd4 4. Nxd4 a6 5. Nc3 Qc7 6. Be3 Bb4 7. Qd3 Nf6 8. f3 d5 9. exd5 Nxd5 10. Bd2 Bxc3 11. bxc3 O-O 12. Qc4 Qd8 13. Bd3 Nd7 14. O-O-O b5 15. Qc6 N7b6 16. Nb3 Ra7 17. Be3 Bd7 18. Bxb6 Qg5+ 19. Kb2 Bxc6 20. Bxa7 Ra8 21. h4 Qg3 22. Bd4 a5 23. Rhe1 Qc7 24. Be5 Qb7 25. Nc5 Qa7 26. Ne4 b4 27. c4 Ne3 28. Rd2 Bxe4 29. Bxe4 Nxc4+ 30. Kc1 Nxd2 31. Bxa8 Nc4 32. Bc6 Qc5 33. Rd1 Qe3+ 34. Kb1 Na3+ 35. Kb2 Qxe5+ 36. Kc1 Qe3+ 37. Kb2 Qc3+ 38. Kc1 Qxc2# 0-1

[Event "Alberta op"]
[Site "Calgary CAN"]
[Date "2012.10.06"]
[Round "2.2"]
[White "Yam, Alex"]
[Black "Karmali, Hafiz"]
[Result "1-0"]
[WhiteElo "2373"]
[BlackElo "1905"]
[PlyCount "53"]
[GameId "2160767909411890"]
[EventDate "2012.10.06"]
[EventType "swiss"]
[EventRounds "5"]
[EventCountry "CAN"]
[SourceTitle "EXT 2022"]
[Source "ChessBase"]
[SourceDate "2021.10.06"]
[SourceVersion "1"]
[SourceVersionDate "2021.10.06"]
[SourceQuality "1"]

1. e4 e6 2. d4 d5 3. Nc3 Nf6 4. Bg5 Be7 5. e5 Nfd7 6. h4 a6 7. Qg4 f5 8. Qh5+ g6 9. Qh6 Bxg5 10. hxg5 Qe7 11. Nh3 c5 12. Nf4 Nf8 13. O-O-O Nc6 14. Ncxd5 exd5 15. Nxd5 Qf7 16. Bc4 Be6 17. Nf6+ Ke7 18. d5 Nxe5 19. dxe6 Nxe6 20. Rhe1 Rad8 21. Rxd8 Rxd8 22. Rxe5 Rd6 23. Qxh7 b5 24. Nd5+ Kf8 25. Qh8+ Qg8 26. Qxg8+ Kxg8 27. Rxe6 1-0